CALVINISM AND THE POLITICAL ORDER/ (Record no. 616488)

000 -LEADER
fixed length control field 00355nam a22001337a 4500
020 ## - INTERNATIONAL STANDARD BOOK NUMBER
Qualifying information HB.
040 ## - CATALOGING SOURCE
Transcribing agency FIZZA ISHAQ
082 ## - DEWEY DECIMAL CLASSIFICATION NUMBER
Classification number 261.708
Author Mark GEO
100 ## - MAIN ENTRY--PERSONAL NAME
Personal name HUNT,L.GEORGE.
9 (RLIN) 133557
245 ## - TITLE STATEMENT
Title CALVINISM AND THE POLITICAL ORDER/
Statement of responsibility, etc. GEORGE L.HUNT.
260 ## - PUBLICATION, DISTRIBUTION, ETC.
Place of publication, distribution, etc. NEW YORK ;
Name of publisher, distributor, etc. WESTMINISTER PRESS,
Date of publication, distribution, etc. 1964.
300 ## - PHYSICAL DESCRIPTION
Extent 216 P. ;
Dimensions 8.1X4.6IN
942 ## - ADDED ENTRY ELEMENTS (KOHA)
Source of classification or shelving scheme
Koha item type Book
Holdings
Withdrawn status Lost status Source of classification or shelving scheme Damaged status Not for loan Permanent Location Current Location Shelving location Date acquired Total Checkouts Full call number Barcode Date last seen Price effective from Koha item type
          NUST Baluchistan Campus (NBC) NUST Baluchistan Campus (NBC) General Stacks 03/03/2026   261.708 GEO QD-707 03/03/2026 03/03/2026 Book
© 2023 Central Library, National University of Sciences and Technology. All Rights Reserved.